000 00871nam a2200265 i 4500
001 bg
245 0 0 _aPełnomocnik jakości :
_bpraca zbiorowa.
_nCz. 1 /
_cpod red. Jerzego Czermińskiego.
260 _aGdynia :
_bWydaw. Akademii Morskiej,
_c2005.
300 _a181 s. :
_bwykr. ;
_c24 cm.
504 _aBibliogr.
650 9 _aJakość produktu
_xprawo wspólnotowe europejskie
650 9 _aPrawo ochrony środowiska międzynarodowe
_xUnia Europejska
650 9 _aPrawo ochrony środowiska
_zPolska
650 9 _aZarządzanie jakością
650 9 _aNormy ISO 9000
655 _aPodręczniki akademickie
700 1 _aCZERMIŃSKI, Jerzy.
_eRed.
020 _a8374210451
040 _cBPK
041 0 _apol
080 _a658.56.012:006.3/.8:349.6](438+4-67)(075.8)
920 _a83-7421-045-1
942 _cKS
008 s pl f |000 0 pol
999 _c46711
_d46711
856 _uhttp://koha.tu.koszalin.pl/cgi-bin/koha/opac-detail.pl?biblionumber=46711
_yKatalog online BPK